000 01130nam a2200337Ia 4500
003 OSt
005 20221007123839.0
006 a|||||r|||| 00| 0
007 ta
008 221006b |||||||| |||| 00| 0 eng d
020 _a0195685237 (pbk)
_c495
024 _a79913
037 _b094, 13/12/2007, Dhanraj Book House
_cTextual
040 _aCDL
_cCDL
_beng
041 _2eng
_aeng
082 _aE1, P6;4-;5 Carc
100 _aAtkins Peter
_9277344
245 0 _aInorganic chemistry
_b Overton Tina Rourke Jonathan Weller Mark Armstrong Fraser
250 _a4
260 _aNew
_bYork Oxford University Press
_c2006
300 _axxi,822p.
_ccm.
500 _aIndex 811-822p
650 _a Inorganic chemistry
_9185095
650 _aChemistry
700 _a Armstrong Fraser
_9717979
700 _a Overton Tina
_9717980
700 _a Rourke Jonathan
_9717981
700 _a Weller Mark
_9717982
942 _hE1, P6;4-;5 Carc
_cTEXL
_2CC
999 _c1212560
_d1212560